Library Logo

Pioneer International University Library Catalogue

MWELE BIN TAABANI (Record no. 9464)

MARC details
000 -LEADER
fixed length control field 00234nam a22000977a 4500
005 - DATE AND TIME OF LATEST TRANSACTION
control field 20250901165814.0
008 - FIXED-LENGTH DATA ELEMENTS--GENERAL INFORMATION
fixed length control field 250328b |||||||| |||| 00| 0 eng d
245 ## - TITLE STATEMENT
Title MWELE BIN TAABANI
Statement of responsibility, etc. MUDHIHIR M. MUDHIHIR
260 ## - PUBLICATION, DISTRIBUTION, ETC.
Place of publication, distribution, etc. EAEP
942 ## - ADDED ENTRY ELEMENTS (KOHA)
Source of classification or shelving scheme Library of Congress Classification
Holdings
Withdrawn status Lost status Source of classification or shelving scheme Damaged status Not for loan Collection Home library Current library Shelving location Date acquired Source of acquisition Total checkouts Full call number Barcode Date last seen Copy number Price effective from Koha item type
    Library of Congress Classification       Main Library Main Library   03/21/2025 Donation from KICD   PL 8704 .M83 2010 PIUD0000492 03/28/2025 1 03/28/2025 Books
    Library of Congress Classification       Main Library Main Library   03/21/2025 Donation from KICD   PL 8704 .M83 2010 PIUD0000493 03/28/2025 2 03/28/2025 Books